Loading...
| History - European | 0 | 5 | 0 | 0 | 50 | 28 | 58.20 | 0 | 1 | 0.00 | 0.00 |
| Mythology | 0 | 5 | 0 | 0 | 50 | 12 | 68.20 | 1 | 1 | 0.00 | 0.00 |
| Literature - European | 0 | 4 | 0 | 0 | 40 | 42 | 62.50 | 1 | 2 | 0.00 | 0.00 |
| Religion | 0 | 4 | 1 | 0 | 35 | 63 | 85.75 | 0 | 0 | 0.00 | 0.00 |
| Fine Arts - Classical Music | 0 | 4 | 2 | 1 | 30 | 66 | 87.00 | 0 | 1 | 0.00 | 0.00 |
| Literature - British | 0 | 3 | 0 | 1 | 30 | 89 | 95.33 | 0 | 0 | 0.00 | 0.00 |
| Geography | 0 | 2 | 0 | 1 | 20 | 101 | 106.50 | 0 | 0 | 0.00 | 0.00 |
| Literature - American | 0 | 2 | 0 | 0 | 20 | 72 | 73.00 | 0 | 1 | 0.00 | 0.00 |
| History - American | 0 | 2 | 0 | 0 | 20 | 75 | 75.50 | 0 | 0 | 0.00 | 0.00 |
| Philosophy | 0 | 1 | 0 | 0 | 10 | 101 | 101.00 | 0 | 0 | 0.00 | 0.00 |
| Fine Arts - Other | 0 | 1 | 0 | 0 | 10 | 107 | 107.00 | 0 | 0 | 0.00 | 0.00 |
| Science - Other | 0 | 1 | 0 | 0 | 10 | 24 | 24.00 | 0 | 1 | 0.00 | 0.00 |
| Science - Physics | 0 | 1 | 0 | 1 | 10 | 100 | 100.00 | 0 | 0 | 0.00 | 0.00 |
| Fine Arts - Painting and Sculpture | 0 | 1 | 1 | 0 | 5 | 65 | 65.00 | 0 | 1 | 0.00 | 0.00 |
| History - Other | 0 | 1 | 1 | 0 | 5 | 93 | 93.00 | 0 | 0 | 0.00 | 0.00 |
| Social Science | 0 | 0 | 0 | 0 | 0 | 0.00 | 0 | 0 | 0.00 | 0.00 | |
| Science - Biology | 0 | 1 | 2 | 0 | 0 | 93 | 93.00 | 0 | 0 | 0.00 | 0.00 |
| Science - Chemistry | 0 | 0 | 1 | 0 | -5 | 0.00 | 0 | 0 | 0.00 | 0.00 | |
| Literature - World | 0 | 0 | 1 | 0 | -5 | 0.00 | 0 | 0 | 0.00 | 0.00 |